Sons of fortune (Record no. 2676)

MARC details
000 -LEADER
fixed length control field 00491 a2200169 4500
020 ## - INTERNATIONAL STANDARD BOOK NUMBER
Terms of availability 463.00
035 ## - SYSTEM CONTROL NUMBER
System control number B-77882
037 ## - SOURCE OF ACQUISITION
Source of stock number/acquisition RP-L-5 / NCP-03-04:SPL CH / RP-03-04:ENG
082 14 - DEWEY DECIMAL CLASSIFICATION NUMBER
Classification number N
090 ## - LOCALLY ASSIGNED LC-TYPE CALL NUMBER (OCLC); LOCAL CALL NUMBER (OCLC)
-- 2726
-- 2726
100 1# - MAIN ENTRY--PERSONAL NAME
Personal name Areher, Jeffrey
245 1# - TITLE STATEMENT
Title Sons of fortune
Statement of responsibility, etc by Jeffrey Archer
260 ## - PUBLICATION, DISTRIBUTION, ETC. (IMPRINT)
Place of publication, distribution, etc London
Name of publisher, distributor, etc Pan Books
Date of publication, distribution, etc 2003
300 ## - PHYSICAL DESCRIPTION
Extent 517 p
Dimensions 18 cm (pbk)
942 ## - ADDED ENTRY ELEMENTS (KOHA)
Institution code [OBSOLETE] dpl
Koha item type English Books
Call number prefix N / ARC
Holdings
Withdrawn status Lost status Source of classification or shelving scheme Damaged status Not for loan Collection code Home library Current library Cost, normal purchase price Total Checkouts Full call number Barcode Date last seen Copy number Uniform Resource Identifier Cost, replacement price Price effective from Koha item type
    Dewey Decimal Classification   Ordered Fiction Central Library Central Library 463.00   N B-77882 15/09/2008 1 2860 463.00 15/09/2008 English Books

© Delhi Public Library
Hit Counter
free hit counter